| 000 | 00565nam a2200157Ia 4500 | ||
|---|---|---|---|
| 001 | 6625 | ||
| 008 | 260622s9999 xx 000 0 und d | ||
| 020 | _a9788899687489 | ||
| 245 | 0 |
_aرقصة الفستان الأحمر الأخيرة: سبعة عقود من تاريخ العراق المعاصر عبر الغناء و الموسيقي/ _cعلي عبد الأمير |
|
| 260 |
_aبغداد؛ _bمنشورات المتوسط؛ _c2017 |
||
| 300 |
_a558p; _c21x14cm |
||
| 546 | _aArabic | ||
| 650 | _aPJ7501-8517 Arabic literature | ||
| 651 | _aIraq | ||
| 942 | _cBK | ||
| 999 |
_c6625 _d6625 |
||